[Event "Oebro CXU Nytaar 2023"]
[Site "Copenhagen"]
[Date "2023.12.30"]
[Round "6"]
[Board "9"]
[White "Porte, Henrik"]
[Black "Wehding, Anton Bonsvig"]
[Result "1-0"]
[WhiteElo "2153"]
[BlackElo "1935"]
[PlyCount "195"]
[EventDate "2023.12.27"]
[EventType "swiss"]
[EventRounds "7"]
[EventCountry "DEN"]
[SourceTitle "Live v. Freja Gronnemose"]

1. d4 d5 2. c4 dxc4 3. Nf3 Nf6 4. e3 e6 5. Bxc4 a6 
6. O-O c5 7. Qe2 b5 8. Bb3 Bb7 9. Rd1 Nbd7 10. Nc3 10... 
Qb8 11. d5 exd5 12. Nxd5 c4 13. Nxf6+ Nxf6 14. Bc2 Bd6 15. h3 
O-O 16. Nd4 Qc7 17. Nf5 Rad8 18. Bd2 Bh2+ 19. Kh1 Be5 20. Rab1 
20... Rfe8 21. Qe1 Qc6 22. f3 Qe6 23. Bc3 Bxc3 24. Qxc3 g6 25. 
Nh6+ Kg7 26. Ng4 h5 27. Nxf6 Qxf6 28. e4 Qxc3 29. bxc3 Bc6 30. 
h4 30... a5 31. a3 Rxd1+ 32. Rxd1 Rb8 33. Rd4 Rb7 34. e5 Bd7 
35. Be4 Rc7 36. Kg1 b4 37. axb4 axb4 38. cxb4 Ba4 39. b5 Bxb5 
40. Bc2 40... Bd7 41. Kf2 Be6 42. Rd1 Ra7 43. Rc1 Ra5 44. f4 
Ra3 45. Bd1 Kf8 46. Be2 Ra2 47. Ke3 Rb2 48. Rc3 Ra2 49. g3 
Ra4 50. Kd4 50... Ra1 51. Bxc4 Bxc4 52. Kxc4 Ke7 53. Kd4 Rd1+ 54. 
Rd3 Rc1 55. Kd5 Rc2 56. Ra3 Rd2+ 57. Ke4 Rb2 58. Ra7+ Ke6 59. 
Ra6+ Ke7 60. f5 60... Re2+ 61. Kf3 Rxe5 62. fxg6 Rf5+ 63. Ke4 fxg6 
64. Rxg6 Rf8 65. Rg5 Rh8 66. Ke5 Kf7 67. Kf4 Kf6 68. Ra5 Kf7 
69. Kf5 Ke7 70. Ra7+ 70... Kd6 71. Ra6+ Ke7 72. Kg5 Rg8+ 73. Rg6 
Rh8 74. Rh6 Rg8+ 75. Kf4 Rf8+ 76. Ke5 Rg8 77. Rh7+ Kf8 78. Kf4 
Rg4+ 79. Kf3 Ra4 80. Rxh5 80... Kg7 81. Rb5 Kg6 82. Rb3 Rc4 83. 
g4 Ra4 84. Rb6+ Kg7 85. h5 Ra3+ 86. Kf4 Ra4+ 87. Kg5 Ra5+ 88. 
Kh4 Kh7 89. Kg3 Ra4 90. Kh4 90... Kg7 91. Rb5 Kh6 92. Rb6+ Kg7 
93. Kg5 Ra5+ 94. Kf4 Ra4+ 95. Kf5 Ra5+ 96. Kf4 Ra4+ 97. Kg3 Ra3+ 
98. Kh4 1-0

[Event "Oebro CXU Nytaar 2023"]
[Site "Copenhagen"]
[Date "2023.12.30"]
[Round "6"]
[Board "10"]
[White "Moller, Silas Ingemann"]
[Black "Skou, Niels"]
[Result "0-1"]
[WhiteElo "1809"]
[BlackElo "2115"]
[PlyCount "74"]
[EventDate "2023.12.27"]
[EventType "swiss"]
[EventRounds "7"]
[EventCountry "DEN"]
[SourceTitle "Live v. Freja Gronnemose"]

1. d4 Nf6 2. c4 e6 3. Nc3 Bb4 4. f3 d5 5. a3 Bxc3+ 
6. bxc3 O-O 7. Bg5 h6 8. Bh4 c5 9. e3 Qa5 10. Qd2 10... 
Nbd7 11. Bd3 b6 12. Ne2 Bb7 13. O-O cxd4 14. exd4 Rac8 15. Ng3 
Ba6 16. cxd5 Bxd3 17. Qxd3 Nxd5 18. Ne4 f5 19. Nd6 Qxc3 20. Qxc3 
20... Rxc3 21. Rfc1 a6 22. Rxc3 Nxc3 23. Re1 g5 24. Bf2 Rf6 25. 
Kf1 Kf8 26. Rc1 Nd5 27. h4 Ke7 28. Nc4 Rf8 29. Ne3 N7f6 30. 
Ke2 30... Rd8 31. Nxd5+ Nxd5 32. hxg5 hxg5 33. Bg3 f4 34. Bf2 Rh8 
35. g3 Rh2 36. gxf4 Nxf4+ 37. Ke3 Rxf2 0-1

[Event "Oebro CXU Nytaar 2023"]
[Site "Copenhagen"]
[Date "2023.12.30"]
[Round "6"]
[Board "11"]
[White "Moe, Mogens"]
[Black "Kokholm, Daniel"]
[Result "1-0"]
[WhiteElo "2063"]
[BlackElo "1762"]
[PlyCount "60"]
[EventDate "2023.12.27"]
[EventType "swiss"]
[EventRounds "7"]
[EventCountry "DEN"]
[SourceTitle "Live v. Freja Gronnemose"]

1. e4 d6 2. d4 Nf6 3. Nc3 e5 4. Nf3 Nbd7 5. Bc4 Be7 
6. Qe2 h6 7. Be3 c6 8. a4 a5 9. Rd1 Qc7 10. h4 10... 
g6 11. Nh2 Nb6 12. Bb3 h5 13. Bg5 Nh7 14. dxe5 dxe5 15. Bxe7 
Qxe7 16. Qe3 Nd7 17. Qg3 Ndf8 18. O-O g5 19. Nf3 f6 20. hxg5 
20... Nxg5 21. Nh4 Rh6 22. f4 exf4 23. Rxf4 Ng6 24. Nf5 Qc5+ 25. 
Kh1 Nxf4 26. Nxh6 Nfe6 27. Nf5 Qe5 28. Qh4 Nf4 29. Rf1 Bxf5 30. 
exf5 30... Nxg2 1-0

[Event "Oebro CXU Nytaar 2023"]
[Site "Copenhagen"]
[Date "2023.12.30"]
[Round "6"]
[Board "12"]
[White "Ertbjerg, Andreas Lund"]
[Black "Wahlgreen, Noah Krug"]
[Result "1-0"]
[WhiteElo "2020"]
[BlackElo "1968"]
[PlyCount "125"]
[EventDate "2023.12.27"]
[EventType "swiss"]
[EventRounds "7"]
[EventCountry "DEN"]
[SourceTitle "Live v. Freja Gronnemose"]

1. e4 c6 2. d4 d5 3. e5 Bf5 4. h4 h5 5. Bd3 Bxd3 
6. Qxd3 Qa5+ 7. Nd2 e6 8. Nf3 Nh6 9. O-O Nf5 10. a4 10... 
Be7 11. Nb3 Qa6 12. Qc3 Nd7 13. Bg5 Rc8 14. Bxe7 Nxe7 15. a5 
c5 16. Nxc5 Qb5 17. a6 Nxc5 18. Ra5 Qd7 19. Rxc5 Rxc5 20. dxc5 
20... bxa6 21. Ra1 Qb7 22. Nd4 Nc6 23. Nxc6 Qxc6 24. Qa5 O-O 25. 
b4 Rb8 26. c3 d4 27. cxd4 Qe4 28. Qxa6 Rxb4 29. Rc1 Qf4 30. 
Qa3 30... Rxd4 31. c6 Rd2 32. Qc5 Rd8 33. c7 Rc8 34. Rd1 Qxh4 
35. g3 Qg5 36. Qd6 Qg4 37. Qd8+ Kh7 38. Rd4 Qxd4 39. Qxd4 Rxc7 
40. Qd3+ 40... g6 41. Qd6 Rb7 42. Kg2 Kg7 43. Qc6 Re7 44. Kf3 
f6 45. Qd6 Rf7 46. Qxe6 fxe5+ 47. Ke3 Rf5 48. Qe7+ Rf7 49. Qxe5+ 
Kf8 50. Qh8+ 50... Ke7 51. Qg8 Kf6 52. Kf4 Rb7 53. Qf8+ Rf7 54. 
Qg8 Rd7 55. Qh8+ Rg7 56. f3 g5+ 57. Ke4 Kg6 58. Qe8+ Kh6 59. 
Kf5 Kh7 60. Qxh5+ 60... Kg8 61. Kf6 a5 62. Qe8+ Kh7 63. Qa8 1-0

[Event "Oebro CXU Nytaar 2023"]
[Site "Copenhagen"]
[Date "2023.12.30"]
[Round "6"]
[Board "13"]
[White "Lauritsen, Martin Lee"]
[Black "Sorensen, Peter"]
[Result "1-0"]
[WhiteElo "2112"]
[BlackElo "1664"]
[PlyCount "99"]
[EventDate "2023.12.27"]
[EventType "swiss"]
[EventRounds "7"]
[EventCountry "DEN"]
[SourceTitle "Live v. Freja Gronnemose"]

1. Nf3 e6 2. g3 d5 3. Bg2 Nf6 4. O-O b6 5. b3 Bb7 
6. Bb2 g6 7. d3 Bg7 8. Nbd2 O-O 9. c4 Nbd7 10. Qc2 10... 
c5 11. cxd5 exd5 12. d4 Re8 13. Rfe1 Rc8 14. dxc5 bxc5 15. Rac1 
a5 16. e3 Qc7 17. Ba1 Re7 18. Nb1 Rce8 19. Bb2 Qb6 20. Red1 
20... Ne4 21. Nc3 Ndf6 22. Na4 Qa7 23. Ba3 Rc8 24. Bh3 Nd7 25. 
Nd2 Ng5 26. Bg2 Ne6 27. Nb1 d4 28. e4 Ne5 29. Nd2 Rec7 30. 
Nb2 30... Bh6 31. h3 c4 32. Nbxc4 Nxc4 33. bxc4 Bxd2 34. Rxd2 Ba6 
35. Qa4 Bxc4 36. Bd6 Rd7 37. e5 Ba6 38. Bc6 Bb7 39. Rc4 Bxc6 
40. Rxc6 40... Rxc6 41. Qxc6 Qb7 42. Qc1 Ng5 43. Rd3 Nxh3+ 44. Kh2 
Nxf2 45. Rb3 Ng4+ 46. Kg1 Qa6 47. Rb8+ Kg7 48. Bf8+ Kg8 49. Bh6+ 
Rd8 50. Rxd8# 1-0

[Event "Oebro CXU Nytaar 2023"]
[Site "Copenhagen"]
[Date "2023.12.30"]
[Round "6"]
[Board "14"]
[White "Jensen, Benjamin Lau"]
[Black "Gronnemose, Freja Egelund"]
[Result "0-1"]
[WhiteElo "1889"]
[BlackElo "1644"]
[PlyCount "72"]
[EventDate "2023.12.27"]
[EventType "swiss"]
[EventRounds "7"]
[EventCountry "DEN"]
[SourceTitle "Live v. Freja Gronnemose"]

1. e4 e5 2. Nf3 f5 3. d4 fxe4 4. Nxe5 Nf6 5. Be2 d6 
6. Nc4 d5 7. Ne5 Bd6 8. Bg5 O-O 9. c4 c6 10. Nc3 10... 
Nbd7 11. Ng4 dxc4 12. Bxc4+ Kh8 13. O-O Qc7 14. Be6 Nxg4 15. Bxg4 
h6 16. Be3 Bxh2+ 17. Kh1 Nf6 18. Bxc8 Raxc8 19. Rc1 a6 20. Qd2 
20... Ng4 21. Nxe4 Qe7 22. Ng5 hxg5 23. Bxg5 Qe4 24. Rc3 Bc7 25. 
Rh3+ Kg8 26. f3 Qf5 27. Re1 Bd6 28. Rh4 Nf6 29. Qe3 Rce8 30. 
Qb3+ 30... Nd5 31. Rxe8 Rxe8 32. f4 Re1+ 33. Kh2 Qb1 34. Kg3 Re3+ 
35. Qxe3 Nxe3 36. Kf2 Nd5 0-1

[Event "Oebro CXU Nytaar 2023"]
[Site "Copenhagen"]
[Date "2023.12.30"]
[Round "6"]
[Board "15"]
[White "Taskiran, Erol"]
[Black "Brondal, Paul"]
[Result "1/2-1/2"]
[WhiteElo "1714"]
[BlackElo "1981"]
[PlyCount "54"]
[EventDate "2023.12.27"]
[EventType "swiss"]
[EventRounds "7"]
[EventCountry "DEN"]
[SourceTitle "Live v. Freja Gronnemose"]

1. d4 d5 2. c4 c6 3. Nc3 Nf6 4. Bg5 Nbd7 5. e3 e6 
6. a3 Be7 7. Nf3 O-O 8. Bd3 h6 9. Bh4 dxc4 10. Bxc4 10... 
c5 11. O-O a6 12. a4 b6 13. d5 Nxd5 14. Bxd5 exd5 15. Qxd5 
Ra7 16. Bxe7 Qxe7 17. Rad1 Nf6 18. Qe5 Bg4 19. Qf4 Bxf3 20. Qxf3 
20... Rd8 21. Rxd8+ Qxd8 22. Rd1 Qa8 23. Qf5 Re7 24. h3 Qc6 25. 
Rd8+ Re8 26. Rxe8+ Nxe8 27. Nd5 Qd6 1/2-1/2

[Event "Oebro CXU Nytaar 2023"]
[Site "Copenhagen"]
[Date "2023.12.30"]
[Round "6"]
[Board "16"]
[White "Petersen, Lasse Emil"]
[Black "Petersen, Poul Erik"]
[Result "1/2-1/2"]
[WhiteElo "1798"]
[BlackElo "1870"]
[PlyCount "24"]
[EventDate "2023.12.27"]
[EventType "swiss"]
[EventRounds "7"]
[EventCountry "DEN"]
[SourceTitle "Live v. Freja Gronnemose"]

1. d4 Nf6 2. c4 e6 3. Nf3 b6 4. g3 Bb7 5. Bg2 c5 
6. O-O cxd4 7. Qxd4 Bc5 8. Qc3 Na6 9. a3 O-O 10. Bg5 10... 
Be7 11. Nbd2 Nc5 12. b3 Nfe4 1/2-1/2

[Event "Oebro CXU Nytaar 2023"]
[Site "Copenhagen"]
[Date "2023.12.30"]
[Round "6"]
[Board "17"]
[White "Saravana, Vedant Kumar"]
[Black "Derlich, Sarah Sima"]
[Result "1-0"]
[WhiteElo "1939"]
[BlackElo "1749"]
[PlyCount "127"]
[EventDate "2023.12.27"]
[EventType "swiss"]
[EventRounds "7"]
[EventCountry "DEN"]
[SourceTitle "Live v. Freja Gronnemose"]

1. e4 c6 2. d4 d5 3. Nc3 dxe4 4. Nxe4 Bf5 5. Ng3 Bg6 
6. Nf3 Nd7 7. h4 h6 8. h5 Bh7 9. Bd3 Bxd3 10. Qxd3 10... 
Ngf6 11. Bd2 e6 12. O-O-O Be7 13. Kb1 O-O 14. Ne4 Nxe4 15. Qxe4 
Nf6 16. Qd3 Qd5 17. Rde1 Rfd8 18. c4 Qd6 19. g4 Nh7 20. Ne5 
20... Qxd4 21. Qf3 Bf6 22. Bc3 Qc5 23. b3 a5 24. Qe2 b5 25. 
Qc2 bxc4 26. Nxc4 Rdb8 27. Bxf6 Nxf6 28. Re5 Qb4 29. g5 Nd7 30. 
gxh6 30... Nxe5 31. Nxe5 Qf4 32. Nxc6 Rb7 33. hxg7 Qf3 34. Rg1 Qxh5 
35. Qe4 Qh7 36. Qxh7+ Kxh7 37. Nxa5 Rb5 38. Nc4 Rf5 39. Rg2 Rg8 
40. Ne3 40... Rf4 41. a4 Rxg7 42. Rh2+ Kg8 43. Kb2 Rg5 44. Ka3 
Rg1 45. Nc4 Kf8 46. a5 Ke7 47. Kb4 Rd4 48. f3 Rb1 49. Ra2 
Rd3 50. Ra3 50... Rh1 51. a6 Rd8 52. a7 Rhh8 53. Nb6 Kd6 54. 
a8=Q Rxa8 55. Rxa8 Rxa8 56. Nxa8 f5 57. Kc4 e5 58. Nb6 f4 59. 
Kd3 Kc5 60. Ke4 60... Kxb6 61. Kxe5 Kc5 62. Kxf4 Kb4 63. Ke5 Kxb3 
64. f4 1-0

[Event "Oebro CXU Nytaar 2023"]
[Site "Copenhagen"]
[Date "2023.12.30"]
[Round "6"]
[Board "18"]
[White "Jalving, August"]
[Black "Ramsdal, Lasse Andreas"]
[Result "1/2-1/2"]
[WhiteElo "1933"]
[BlackElo "1688"]
[PlyCount "87"]
[EventDate "2023.12.27"]
[EventType "swiss"]
[EventRounds "7"]
[EventCountry "DEN"]
[SourceTitle "Live v. Freja Gronnemose"]

1. c4 e6 2. d4 b6 3. Nc3 Bb7 4. e4 Bb4 5. f3 Nh6 
6. a3 Bxc3+ 7. bxc3 f5 8. e5 O-O 9. Nh3 Nf7 10. Be3 10... 
d6 11. exd6 cxd6 12. Bd3 Nd7 13. O-O Nf6 14. Qb3 Rc8 15. Rad1 
Qd7 16. c5 bxc5 17. dxc5 d5 18. Kh1 e5 19. Bxf5 Qxf5 20. Qxb7 
20... Rb8 21. Qxa7 Ra8 22. Qb7 Rfb8 23. Qc6 Nd8 24. Qc7 Rb7 25. 
Qd6 Rd7 26. Qb6 Rb7 27. Qd6 Rd7 28. g4 Nxg4 29. Qxd7 Qxd7 30. 
fxg4 30... Qxg4 31. Ng5 h6 32. Nf3 Qe4 33. Rde1 Qd3 34. Nxe5 Qxc3 
35. Bf4 Ne6 36. Bg3 Nxc5 37. Ng6 Ne4 38. Be5 Qc2 39. Ne7+ Kh7 
40. Rf7 40... Nf2+ 41. Kg1 Nh3+ 42. Kh1 Nf2+ 43. Kg1 Nh3+ 44. Kh1 
1/2-1/2

[Event "Oebro CXU Nytaar 2023"]
[Site "Copenhagen"]
[Date "2023.12.30"]
[Round "6"]
[Board "19"]
[White "Slavensky, Asbjorn Vesterkaer"]
[Black "Hove, Svend Kjems"]
[Result "0-1"]
[WhiteElo "1722"]
[BlackElo "1844"]
[PlyCount "102"]
[EventDate "2023.12.27"]
[EventType "swiss"]
[EventRounds "7"]
[EventCountry "DEN"]
[SourceTitle "Live v. Freja Gronnemose"]

1. d4 c5 2. d5 e5 3. e4 g6 4. Bd3 Bg7 5. Nc3 a6 
6. a4 d6 7. h3 Nh6 8. g4 f6 9. Nge2 b6 10. Ng3 10... 
Ra7 11. Be3 Bd7 12. Qd2 Nf7 13. f3 O-O 14. h4 Qc8 15. Rg1 
c4 16. Be2 Rb7 17. b4 cxb3 18. cxb3 Qd8 19. b4 Bc8 20. Bd3 
20... Re8 21. Ke2 Qe7 22. Rg2 Qf8 23. Rag1 Bd7 24. g5 Rc8 25. 
Nh5 Nh8 26. gxf6 Bxf6 27. Nxf6+ Qxf6 28. h5 Be8 29. b5 a5 30. 
Nd1 30... Nd7 31. Nf2 Qd8 32. Ng4 Qc7 33. Nh6+ Kf8 34. Nf5 Nf6 
35. Bh6+ Kg8 36. Qg5 Qd8 37. Bf8 Kxf8 38. Qh6+ Kg8 39. hxg6 hxg6 
40. Rxg6+ 40... Nxg6 41. Rxg6+ Bxg6 42. Qxg6+ Kh8 43. Nh4 Rg7 44. Qf5 
Rc1 45. Ng6+ Kg8 46. Qe6+ Kh7 47. Nh4 Rh1 48. Nf5 Rg2+ 49. Ke3 
Ng4+ 50. fxg4 50... Qg5+ 51. Kf3 Qxg4+ 0-1

[Event "Oebro CXU Nytaar 2023"]
[Site "Copenhagen"]
[Date "2023.12.30"]
[Round "6"]
[Board "20"]
[White "Vinther, Christoffer"]
[Black "Petersen, Nils"]
[Result "0-1"]
[WhiteElo "1585"]
[BlackElo "1830"]
[PlyCount "52"]
[EventDate "2023.12.27"]
[EventType "swiss"]
[EventRounds "7"]
[EventCountry "DEN"]
[SourceTitle "Live v. Freja Gronnemose"]

1. e4 c5 2. Nf3 e6 3. d4 cxd4 4. Nxd4 Nc6 5. Nc3 a6 
6. Be3 Nf6 7. Nxc6 bxc6 8. f3 d5 9. e5 Nd7 10. f4 10... 
Be7 11. Qg4 g6 12. O-O-O c5 13. Bf2 Rb8 14. Be2 Qb6 15. b3 
Qb4 16. Nb1 a5 17. Be1 Qb6 18. Qf3 a4 19. g4 axb3 20. axb3 
20... c4 21. Bf2 Bc5 22. Bxc5 Nxc5 23. Bxc4 dxc4 24. Rd6 Qb7 25. 
Qd1 O-O 26. f5 cxb3 0-1

[Event "Oebro CXU Nytaar 2023"]
[Site "Copenhagen"]
[Date "2023.12.30"]
[Round "7"]
[Board "1"]
[White "Nielsen, Viktor Haarmark"]
[Black "Hector, Jonny"]
[Result "0-1"]
[WhiteElo "2365"]
[BlackElo "2444"]
[PlyCount "64"]
[EventDate "2023.12.27"]
[EventType "swiss"]
[EventRounds "7"]
[EventCountry "DEN"]
[SourceTitle "Live v. Freja Gronnemose"]

1. d4 d5 2. c4 c6 3. Nf3 Nf6 4. Nc3 dxc4 5. e4 b5 
6. Be2 e6 7. O-O Bb7 8. Rb1 Qc7 9. Bg5 Nbd7 10. Re1 10... 
O-O-O 11. e5 h6 12. Bh4 g5 13. Bg3 Nh5 14. Nxg5 Nxg3 15. Nxf7 
Nxe2+ 16. Qxe2 Rg8 17. Qh5 Nb6 18. Nxd8 Kxd8 19. Re3 c5 20. Rg3 
20... Rxg3 21. hxg3 Qc6 22. f3 cxd4 23. Qf7 Nd7 24. Ne4 d3 25. 
Kh2 Be7 26. Qg8+ Nf8 27. Qg7 Qb6 28. Nf6 Qe3 29. Ng8 Qg5 30. 
Qf7 30... Bc5 31. f4 Qg6 32. Qxb7 Qh5# 0-1

[Event "Oebro CXU Nytaar 2023"]
[Site "Copenhagen"]
[Date "2023.12.30"]
[Round "7"]
[Board "2"]
[White "Terryn, Ezra"]
[Black "Jacobsen, Mikkel Manosri"]
[Result "1-0"]
[WhiteElo "2217"]
[BlackElo "2322"]
[PlyCount "145"]
[EventDate "2023.12.27"]
[EventType "swiss"]
[EventRounds "7"]
[EventCountry "DEN"]
[SourceTitle "Live v. Freja Gronnemose"]

1. e4 c6 2. Nf3 d5 3. d3 dxe4 4. dxe4 Qxd1+ 5. Kxd1 Bg4 
6. Be2 g6 7. Ne5 Bxe2+ 8. Kxe2 Bh6 9. Nd2 Nf6 10. f3 10... 
Nbd7 11. Nd3 O-O-O 12. a4 Ne8 13. b4 Bg7 14. Ra3 Nd6 15. c4 
b6 16. a5 b5 17. Bb2 Bxb2 18. Nxb2 c5 19. Rc1 cxb4 20. Rb3 
20... Kb8 21. Nd3 Rc8 22. c5 Ne8 23. Nxb4 Ka8 24. Nd5 e6 25. 
Nf4 a6 26. Nd3 Nb8 27. Nb4 Nc6 28. Nxc6 Rxc6 29. Rd3 Nf6 30. 
Nb3 30... Rhc8 31. Rcd1 Kb7 32. Ke3 h5 33. Kf4 Ng8 34. h4 Ne7 
35. Ke5 R6c7 36. Rd7 f5 37. Kxe6 Nc6 38. exf5 gxf5 39. Kxf5 Rg8 
40. g4 40... Rf8+ 41. Ke4 Re8+ 42. Kf4 Rf8+ 43. Kg3 Rxf3+ 44. Kxf3 
Ne5+ 45. Ke4 Nxd7 46. c6+ Kxc6 47. Rc1+ Kd6 48. Rxc7 Kxc7 49. gxh5 
Nf6+ 50. Ke5 50... Nd7+ 51. Ke6 b4 52. h6 Kc6 53. Nd4+ Kc7 54. 
h7 Nf8+ 55. Kf7 Nxh7 56. Kg7 Kd6 57. Kxh7 Kc5 58. Nb3+ Kc4 59. 
Nc1 Kd4 60. Kg6 60... Ke3 61. h5 Kd2 62. Nb3+ Kc3 63. h6 Kxb3 
64. h7 Ka2 65. h8=Q b3 66. Qg8 Ka3 67. Qf8+ Ka4 68. Qf4+ Kxa5 
69. Qc4 b2 70. Qa2+ 70... Kb4 71. Qxb2+ Ka4 72. Qa2+ Kb5 73. Kf5 
1-0

[Event "Oebro CXU Nytaar 2023"]
[Site "Copenhagen"]
[Date "2023.12.30"]
[Round "7"]
[Board "3"]
[White "Hansen, Soren Bech"]
[Black "Borge, Nikolaj"]
[Result "0-1"]
[WhiteElo "2170"]
[BlackElo "2402"]
[PlyCount "75"]
[EventDate "2023.12.27"]
[EventType "swiss"]
[EventRounds "7"]
[EventCountry "DEN"]
[SourceTitle "Live v. Freja Gronnemose"]

1. e4 c5 2. Nf3 e6 3. c3 d5 4. e5 d4 5. d3 Nc6 
6. g3 Qd5 7. c4 Qd7 8. Bg2 Nge7 9. O-O Ng6 10. Re1 10... 
Be7 11. h4 Qc7 12. Qe2 h5 13. Bh3 Bd7 14. Na3 O-O-O 15. Nc2 
Rde8 16. b4 f6 17. bxc5 Bxc5 18. Bb2 Ngxe5 19. Nfxd4 Ng4 20. Kg2 
20... Qb6 21. Nb5 a6 22. d4 Bf8 23. f3 f5 24. a4 axb5 25. 
axb5 Nb8 26. Bc3 e5 27. Ra8 Qg6 28. Qd2 f4 29. Kh1 fxg3 30. 
fxg4 30... hxg4 31. Bg2 Qf6 32. dxe5 Rxh4+ 33. Kg1 Bc5+ 34. Bd4 Rxe5 
35. Bxc5 Rxc5 36. Rf1 Rf5 37. Rxf5 Qxf5 38. Rxb8+ 0-1

[Event "Oebro CXU Nytaar 2023"]
[Site "Copenhagen"]
[Date "2023.12.30"]
[Round "7"]
[Board "4"]
[White "Ramsdal, Jens Albert"]
[Black "Moe, Mogens"]
[Result "1/2-1/2"]
[WhiteElo "2413"]
[BlackElo "2063"]
[PlyCount "121"]
[EventDate "2023.12.27"]
[EventType "swiss"]
[EventRounds "7"]
[EventCountry "DEN"]
[SourceTitle "Live v. Freja Gronnemose"]

1. Nf3 Nf6 2. g3 g6 3. Bg2 Bg7 4. O-O c5 5. c4 d5 
6. cxd5 Nxd5 7. Nc3 Nc6 8. Ng5 Nxc3 9. dxc3 Qb6 10. Qd5 10... 
e6 11. Qd6 Ne5 12. Ne4 Nc4 13. Qd3 Ne5 14. Qd6 Nc4 15. Qxc5 
Qxc5 16. Nxc5 Rb8 17. Rb1 b6 18. Ne4 Bb7 19. b3 Bxe4 20. Bxe4 
20... Nd6 21. Bc6+ Kd8 22. c4 Kc7 23. Bf3 Rbd8 24. Bf4 e5 25. 
Bc1 e4 26. Bg2 Rhe8 27. Rd1 f5 28. Be3 Nb7 29. Rxd8 Nxd8 30. 
Rd1 30... Nc6 31. Bf4+ Be5 32. Bxe5+ Rxe5 33. f3 Nb4 34. fxe4 fxe4 
35. a4 e3 36. Bd5 g5 37. g4 h6 38. Kg2 Kd6 39. Kf3 Kc5 
40. Be4 40... Re7 41. Rd8 Na2 42. a5 bxa5 43. Rd5+ Kb4 44. Rb5+ 
Ka3 45. Rxa5+ Kxb3 46. Ra6 Nb4 47. Rxh6 Kxc4 48. h4 gxh4 49. g5 
Rf7+ 50. Kxe3 50... Nd5+ 51. Bxd5+ Kxd5 52. Rxh4 Ke5 53. Re4+ Kf5 54. 
Rf4+ Kg6 55. Rxf7 Kxf7 56. Kd4 a5 57. e4 Kg6 58. e5 Kxg5 59. 
e6 Kf6 60. Kd5 60... Ke7 61. Ke5 1/2-1/2

[Event "Oebro CXU Nytaar 2023"]
[Site "Copenhagen"]
[Date "2023.12.30"]
[Round "7"]
[Board "5"]
[White "Veiergang, Oscar Jacob"]
[Black "Nilssen, Ellen Fredericia"]
[Result "0-1"]
[WhiteElo "1926"]
[BlackElo "2193"]
[PlyCount "46"]
[EventDate "2023.12.27"]
[EventType "swiss"]
[EventRounds "7"]
[EventCountry "DEN"]
[SourceTitle "Live v. Freja Gronnemose"]

1. e4 c5 2. Nc3 d6 3. Nf3 Nf6 4. d4 cxd4 5. Nxd4 a6 
6. Bg5 e6 7. f4 Nbd7 8. Qf3 Qc7 9. O-O-O b5 10. e5 10... 
Bb7 11. Qh3 dxe5 12. Nxe6 fxe6 13. Qxe6+ Be7 14. Nxb5 axb5 15. Bxb5 
Bd5 16. Rxd5 Nxd5 17. Qxd5 Rc8 18. Bxd7+ Qxd7 19. Qxe5 Qc7 20. Qb5+ 
20... Qc6 21. Qe2 O-O 22. Bxe7 Rfe8 23. c3 Rc7 0-1

[Event "Oebro CXU Nytaar 2023"]
[Site "Copenhagen"]
[Date "2023.12.30"]
[Round "7"]
[Board "6"]
[White "Kakulidis, Ellen"]
[Black "Porte, Henrik"]
[Result "1/2-1/2"]
[WhiteElo "2054"]
[BlackElo "2153"]
[PlyCount "59"]
[EventDate "2023.12.27"]
[EventType "swiss"]
[EventRounds "7"]
[EventCountry "DEN"]
[SourceTitle "Live v. Freja Gronnemose"]

1. d4 d5 2. c4 e6 3. Nf3 c5 4. cxd5 exd5 5. g3 Nc6 
6. Bg2 Nf6 7. O-O Be7 8. dxc5 Bxc5 9. Bg5 Be6 10. Nc3 10... 
d4 11. Ne4 Be7 12. Nxf6+ Bxf6 13. Bxf6 Qxf6 14. b4 Rd8 15. b5 
Na5 16. Qa4 b6 17. Rac1 d3 18. exd3 Rxd3 19. Qe4 Rd8 20. Ne5 
20... O-O 21. Nc6 Rd2 22. Nxa5 bxa5 23. Qe3 Qd4 24. Qxd4 Rxd4 25. 
Rc7 Rfd8 26. Bf3 Rb4 27. a4 Bb3 28. Rxa7 Bxa4 29. b6 Rxb6 30. 
Rxa5 1/2-1/2

[Event "Oebro CXU Nytaar 2023"]
[Site "Copenhagen"]
[Date "2023.12.30"]
[Round "7"]
[Board "7"]
[White "Skou, Niels"]
[Black "Jarlskov, Daniel Tuk Hartso"]
[Result "0-1"]
[WhiteElo "2115"]
[BlackElo "2135"]
[PlyCount "74"]
[EventDate "2023.12.27"]
[EventType "swiss"]
[EventRounds "7"]
[EventCountry "DEN"]
[SourceTitle "Live v. Freja Gronnemose"]

1. c4 e6 2. d4 d5 3. Nc3 c5 4. cxd5 exd5 5. Nf3 Nc6 
6. e3 Nf6 7. Be2 Be7 8. O-O O-O 9. dxc5 Bxc5 10. b3 10... 
a6 11. Bb2 Bf5 12. Rc1 Ba7 13. Bd3 Bg4 14. h3 Bh5 15. g4 
Bg6 16. Ne2 Ne4 17. Ned4 Nxd4 18. Bxd4 Bxd4 19. Nxd4 Qh4 20. Kg2 
20... h5 21. Bxe4 dxe4 22. Rc5 Rac8 23. Rd5 Rcd8 24. Rxd8 Rxd8 25. 
Qe2 Rd5 26. Qc4 Qg5 27. Rc1 hxg4 28. Qc8+ Kh7 29. hxg4 Rd8 30. 
Qxb7 30... Qxg4+ 31. Kf1 Bh5 32. Qe7 Rd5 33. Rc5 Qd1+ 34. Kg2 Bf3+ 
35. Nxf3 Qxf3+ 36. Kh2 Qxf2+ 37. Kh3 Qxe3+ 0-1

[Event "Oebro CXU Nytaar 2023"]
[Site "Copenhagen"]
[Date "2023.12.30"]
[Round "7"]
[Board "8"]
[White "Thuesen, Mogens Henrik"]
[Black "Ertbjerg, Andreas Lund"]
[Result "1-0"]
[WhiteElo "2036"]
[BlackElo "2020"]
[PlyCount "47"]
[EventDate "2023.12.27"]
[EventType "swiss"]
[EventRounds "7"]
[EventCountry "DEN"]
[SourceTitle "Live v. Freja Gronnemose"]

1. e4 e6 2. d4 d5 3. Nc3 Bb4 4. Ne2 c5 5. exd5 exd5 
6. a3 Bxc3+ 7. Nxc3 Nf6 8. Bb5+ Bd7 9. Qe2+ Qe7 10. Qxe7+ 10... 
Kxe7 11. Bg5 cxd4 12. Nxd5+ Kd6 13. Bxd7 Nfxd7 14. c4 dxc3 15. Nxc3 
Re8+ 16. Be3 b6 17. O-O Nf6 18. Nb5+ Kc6 19. a4 Na6 20. Rfd1 
20... Nc5 21. b4 Nb3 22. Rd6+ Kb7 23. Rb1 a6 24. Rxb6+ 1-0

[Event "Oebro CXU Nytaar 2023"]
[Site "Copenhagen"]
[Date "2023.12.30"]
[Round "7"]
[Board "9"]
[White "Falkesgaard, Jeppe Hald"]
[Black "Nielsen Refs, Karl Emil Elmer"]
[Result "0-1"]
[WhiteElo "2188"]
[BlackElo "1886"]
[PlyCount "69"]
[EventDate "2023.12.27"]
[EventType "swiss"]
[EventRounds "7"]
[EventCountry "DEN"]
[SourceTitle "Live v. Freja Gronnemose"]

1. c4 Nf6 2. g3 e5 3. Nf3 e4 4. Nd4 c6 5. Nc3 Qb6 
6. Nb3 d5 7. cxd5 cxd5 8. d3 Ng4 9. d4 Be6 10. Bg2 10... 
Bd6 11. O-O f5 12. f3 Nf6 13. fxe4 fxe4 14. Na4 Qc6 15. Nac5 
Bc8 16. Bg5 b6 17. Bxf6 gxf6 18. Nxe4 dxe4 19. Rc1 Qd7 20. Rxc8+ 
20... Qxc8 21. Bxe4 Nd7 22. Bxa8 Qxa8 23. e4 h5 24. Qf3 Ke7 25. 
d5 h4 26. Kg2 hxg3 27. h3 Rxh3 28. Qf5 Rh2+ 29. Kf3 Qg8 30. 
Nd4 30... Ne5+ 31. Ke3 Qg5+ 32. Qxg5 fxg5 33. Nf5+ Kd7 34. Nxd6 g2 
35. Kd4 0-1

[Event "Oebro CXU Nytaar 2023"]
[Site "Copenhagen"]
[Date "2023.12.30"]
[Round "7"]
[Board "10"]
[White "Gregor, Bjarke"]
[Black "Lauritsen, Martin Lee"]
[Result "1-0"]
[WhiteElo "2172"]
[BlackElo "2112"]
[PlyCount "61"]
[EventDate "2023.12.27"]
[EventType "swiss"]
[EventRounds "7"]
[EventCountry "DEN"]
[SourceTitle "Live v. Freja Gronnemose"]

1. e4 c6 2. d4 d6 3. Nf3 Nf6 4. Nc3 g6 5. Be3 Bg7 
6. Qd2 b5 7. Bd3 h6 8. h3 a6 9. a4 Bb7 10. O-O 10... 
e6 11. e5 dxe5 12. dxe5 Nfd7 13. Bf4 Nc5 14. Qe3 Nbd7 15. Rfd1 
b4 16. Ne4 Nxe4 17. Bxe4 g5 18. Bg3 Qc7 19. Rd6 Bf8 20. Nd4 
20... Bxd6 21. exd6 Qb6 22. a5 Qc5 23. Nxe6 fxe6 24. Bg6+ Kd8 25. 
Qxe6 Qd5 26. Qe7+ Kc8 27. Re1 Qg8 28. Bf5 Qd8 29. Qg7 c5 30. 
Bxd7+ 30... Kb8 31. Be8 1-0